Férfi női foglalkoztatásbeli különbségek A nemek aránya és a teljesítmény közötti összefüggés

Bibliográfiai részletek
Szerző: Csonka Eszter
További közreműködők: Szászvári Dr Karina Ágnes
Dokumentumtípus: Diplomadolgozat
Kulcsszavak:Foglalkoztatás
Esélyegyenlőség
Társadalmi felelősségvállalás
Online Access:http://dolgozattar.uni-bge.hu/4621

MARC

LEADER 00000nta a2200000 i 4500
001 dolg4621
005 20160606134732.0
008 151214suuuu hu om 000 hun d
040 |a BGE Dolgozattár Repozitórium  |b hun 
041 |a hu 
100 1 |a Csonka Eszter 
245 1 0 |a Férfi női foglalkoztatásbeli különbségek   |b A nemek aránya és a teljesítmény közötti összefüggés  |c Csonka Eszter  |h [elektronikus dokumentum] 
695 |a Foglalkoztatás 
695 |a Esélyegyenlőség 
695 |a Társadalmi felelősségvállalás 
700 1 |a Szászvári Dr Karina Ágnes  |e ths 
856 4 0 |u http://dolgozattar.uni-bge.hu/4621/1/Szakdolgozat_Csonka_Eszter.pdf  |z Dokumentum-elérés